000 00756nam a2200241Ia 4500
003 OSt
005 20221005112636.0
006 a|||||r|||| 00| 0
007 ta
008 221004b |||||||| |||| 00| 0 pan d
024 _a5506
037 _bGift, 22/07/2013,
_cTextual
040 _aCRL
_cCRL
_bpan
041 _2pan
_apan
082 _aO153,1NSIx, P8
100 _aਚਰਨ ਸਿੰਘ
245 0 _aਗਗਨ ਮੇ੍ਵ ਥਾਲੁ
260 _aਜਲੰਧਰ
_bਕੁਕਨੁਮ ਪ੍ਰਕਾFਨ ਭਾਰਤ
_c2008
300 _a120ਪੰ
_ccm.
650 _aਪੰਜਾਬੀ ਸਾਹਿਤ
942 _hO153,1NSIx, P8
_cTEXL
_2cc
999 _c1025498
_d1025498